[Event "Wellington op"]
[Site "Wellington"]
[Date "2023.04.08"]
[Round "3"]
[White "Tanoi, Toleafoa E"]
[Black "Sole, Michael D"]
[Result "0-1"]
[WhiteElo "1796"]
[BlackElo "1899"]
[PlyCount "146"]
[EventDate "2023.04.07"]
[EventType "swiss"]
[EventRounds "6"]
[EventCountry "NZL"]
[SourceTitle "EXT 2025"]
[Source "ChessBase"]
[SourceDate "2024.10.14"]
[SourceVersion "1"]
[SourceVersionDate "2024.10.14"]
[SourceQuality "1"]

1. d4 Nf6 2. Nf3 d5 3. c4 e6 4. g3 dxc4 5. Qa4+ Nbd7 6. Qxc4 a6 7. Be3 b5 8. Qc2 Bb7 9. Bg2 Rc8 10. 0-0 c5 11. dxc5 Bxc5 12. Bxc5 Nxc5 13. Rd1 Qb6 14. e3 Be4 15. Qe2 Qb7 16. Nh4 0-0 17. Bxe4 Nfxe4 18. Nd2 Nxd2 19. Rxd2 Ne4 20. Rd4 Ng5 21. e4 f5 22. f3 Qb6 23. Qe3 f4 24. gxf4 Rxf4 25. Rad1 Rcf8 26. Kg2 Qc7 27. e5 Rxd4 28. Qxd4 Qc6 29. Rd3 Nf7 30. Kg3 Rd8 31. Rc3 Qb7 32. Qe3 Qd5 33. f4 Qxa2 34. Qc1 Qd5 35. Rc8 g5 36. Rxd8+ Qxd8 37. Nf3 gxf4+ 38. Qxf4 Qd3 39. h4 Qg6+ 40. Kh2 Qc2+ 41. Kh1 Qb1+ 42. Ng1 Qxb2 43. Qg4+ Kf8 44. Qxe6 Qxe5 45. Qc8+ Kg7 46. Qg4+ Kf8 47. Nf3 Qd5 48. Kh2 Qd6+ 49. Kh3 Qf6 50. Qc8+ Kg7 51. Qg4+ Qg6 52. Qd4+ Kg8 53. Qd5 Qd6 54. Qa8+ Kg7 55. Qe4 Qd7+ 56. Kg2 a5 57. Nd4 Kf6 58. Qf4+ Ke7 59. Qe4+ Kd6 60. Qf4+ Kc5 61. Nb3+ Kb6 62. Qe3+ Kc7 63. Qa7+ Kd6 64. Qc5+ Ke6 65. Nd4+ Kf6 66. Nf3 Qg4+ 67. Kf2 Qa4 68. Qc3+ Ke7 69. Qc7+ Kf8 70. Qb8+ Kg7 71. Qc7 Qa2+ 72. Kg3 Qa3 73. Qf4 Qd6 0-1

[Event "Wellington CC Summer Cup"]
[Site "Wellington"]
[Date "2023.02.26"]
[Round "3"]
[White "Dive, Russell John"]
[Black "Tanoi, Toleafoa E"]
[Result "1/2-1/2"]
[WhiteElo "2350"]
[BlackElo "1993"]
[PlyCount "184"]
[EventDate "2023.02.10"]
[EventType "swiss"]
[EventRounds "8"]
[EventCountry "NZL"]
[SourceTitle "EXT 2025"]
[Source "ChessBase"]
[SourceDate "2024.10.14"]
[SourceVersion "1"]
[SourceVersionDate "2024.10.14"]
[SourceQuality "1"]

1. Nf3 Nf6 2. c4 c6 3. b3 d5 4. Bb2 dxc4 5. bxc4 Bg4 6. Qb3 Qb6 7. Ne5 Nbd7 8. Nxg4 Nxg4 9. e3 e5 10. Be2 Ngf6 11. 0-0 Be7 12. d3 0-0 13. Nd2 Rfe8 14. Rab1 Bc5 15. Qc2 Qc7 16. Rfd1 Bb6 17. Nf1 Nc5 18. Ng3 Qe7 19. Bc3 Rab8 20. a4 Qe6 21. a5 Bc7 22. Re1 e4 23. d4 Nd3 24. Bxd3 exd3 25. Qxd3 Bxg3 26. hxg3 Ne4 27. Red1 Qf5 28. Be1 Qg5 29. d5 cxd5 30. cxd5 Rbd8 31. Rb4 Nf6 32. e4 Ng4 33. f3 Ne5 34. Qd2 Qe7 35. Rdb1 Qc5+ 36. Qf2 Qxa5 37. Rxb7 Qa3 38. R7b3 Qa6 39. Bc3 Qd6 40. Bb4 Qg6 41. g4 h5 42. gxh5 Qxh5 43. Qg3 Nc4 44. Bc3 Ne5 45. Rb7 Ng6 46. Rxa7 Qh6 47. Qf2 Qg5 48. Bd2 Qe5 49. Rbb7 Nh8 50. Qe3 Rb8 51. Bc3 Qg3 52. Qf2 Qf4 53. Qd4 Qc1+ 54. Kf2 Qg5 55. e5 Rxb7 56. Rxb7 Ng6 57. e6 f6 58. d6 Nf4 59. g3 Nxe6 60. d7 Rd8 61. Qe3 Qxe3+ 62. Kxe3 Nc5 63. Rc7 Nxd7 64. Kf4 Nf8 65. Kf5 Rd5+ 66. Ke4 Rd8 67. g4 Ne6 68. Re7 Ng5+ 69. Ke3 Kf8 70. Ra7 Kg8 71. f4 Re8+ 72. Kd3 Ne4 73. Bd4 Kh7 74. f5 Kg8 75. Be3 Nd6 76. Rd7 Nf7 77. Bf4 Rd8 78. Rxd8+ Nxd8 79. Kd4 Kf7 80. Kd5 Ke7 81. Bd6+ Ke8 82. Bf4 Kd7 83. Bd6 Ke8 84. Bc7 Nf7 85. Bf4 Kd7 86. Be3 Nd8 87. Bd4 Nf7 88. Be3 Nd8 89. g5 fxg5 90. Bxg5 Nf7 91. Bh4 Nh6 92. Ke5 Nxf5 1/2-1/2

[Event "Wellington Mazur Memorial"]
[Site "Wellington"]
[Date "2022.08.18"]
[Round "4"]
[White "Tanoi, Toleafoa E"]
[Black "Rossiter, Philip E"]
[Result "1/2-1/2"]
[WhiteElo "1985"]
[BlackElo "1839"]
[PlyCount "69"]
[EventDate "2022.07.28"]
[EventType "swiss"]
[EventRounds "8"]
[EventCountry "NZL"]
[SourceTitle "EXT 2025"]
[Source "ChessBase"]
[SourceDate "2024.10.14"]
[SourceVersion "1"]
[SourceVersionDate "2024.10.14"]
[SourceQuality "1"]

1. d4 Nf6 2. Nf3 e6 3. c4 Bb4+ 4. Bd2 Qe7 5. Nc3 d6 6. Qa4+ Nc6 7. Qc2 Bd7 8. e4 e5 9. dxe5 Nxe5 10. Nxe5 dxe5 11. Be2 0-0 12. 0-0 Bc6 13. Bd3 Qd6 14. a3 Rad8 15. Nd5 Bxd2 16. Qxd2 Bxd5 17. exd5 c6 18. Qc2 cxd5 19. cxd5 Qxd5 20. Rad1 e4 21. Bc4 Qe5 22. Qb3 Ng4 23. g3 Rxd1 24. Rxd1 e3 25. Bxf7+ Kh8 26. fxe3 Qe4 27. Rd4 Qf3 28. Rf4 Qe2 29. e4 Qxh2+ 30. Kf1 Qh1+ 31. Ke2 Qg2+ 32. Ke1 Qh1+ 33. Ke2 Qg2+ 34. Ke1 Qh1+ 35. Ke2 1/2-1/2

[Event "Wellington Mazur Memorial"]
[Site "Wellington"]
[Date "2022.08.11"]
[Round "3"]
[White "Winter, Ryan"]
[Black "Tanoi, Toleafoa E"]
[Result "1-0"]
[WhiteElo "2197"]
[BlackElo "1985"]
[PlyCount "103"]
[EventDate "2022.07.28"]
[EventType "swiss"]
[EventRounds "8"]
[EventCountry "NZL"]
[SourceTitle "EXT 2025"]
[Source "ChessBase"]
[SourceDate "2024.10.14"]
[SourceVersion "1"]
[SourceVersionDate "2024.10.14"]
[SourceQuality "1"]

1. e4 e5 2. Nf3 Nc6 3. Bb5 a6 4. Ba4 Bc5 5. 0-0 Nge7 6. c3 Ba7 7. Re1 0-0 8. h3 Ng6 9. d4 f6 10. Be3 b5 11. Bc2 Kh8 12. Nbd2 d6 13. Nf1 Nce7 14. Ng3 Nf4 15. d5 f5 16. Nxf5 Nxf5 17. exf5 Bxf5 18. Bxf4 Bxc2 19. Qxc2 Rxf4 20. Re4 Qf6 21. Rxf4 Qxf4 22. Re1 Rf8 23. Re4 Qf5 24. Qe2 Rf6 25. a3 g5 26. Rg4 h6 27. Qe4 Qxe4 28. Rxe4 Rf4 29. Re2 Kg7 30. Nd2 Kg6 31. g3 Ra4 32. Kg2 Kf5 33. g4+ Kg6 34. Re4 Rxe4 35. Nxe4 a5 36. Kf3 Kf7 37. b3 Ke7 38. a4 bxa4 39. bxa4 c6 40. c4 cxd5 41. cxd5 Bc5 42. Ke2 Bb4 43. Kd3 Kf7 44. Kc4 Ke7 45. Kb5 Be1 46. Kc6 Bb4 47. Ng3 Kf6 48. Nf5 e4 49. Nxd6 Ke5 50. Nf5 Be1 51. d6 Bxf2 52. d7 1-0

[Event "North Island-ch"]
[Site "Auckland"]
[Date "2022.07.15"]
[Round "2"]
[White "Zhu, David Junyang"]
[Black "Tanoi, Toleafoa E"]
[Result "0-1"]
[WhiteElo "1535"]
[BlackElo "1813"]
[PlyCount "64"]
[EventDate "2022.07.14"]
[EventType "swiss"]
[EventRounds "9"]
[EventCountry "NZL"]
[SourceTitle "EXT 2024"]
[Source "ChessBase"]
[SourceDate "2023.10.10"]
[SourceVersion "1"]
[SourceVersionDate "2023.10.10"]
[SourceQuality "1"]

1. d4 d5 2. c4 e6 3. g3 Nf6 4. Bg2 c6 5. Nf3 Nbd7 6. 0-0 Be7 7. Nc3 0-0 8. Nd2 c5 9. dxc5 Nxc5 10. cxd5 exd5 11. Nb3 Nxb3 12. Qxb3 d4 13. Nd5 Nxd5 14. Qxd5 Qb6 15. Rd1 Bf6 16. Rd3 Re8 17. Bf3 Qb4 18. Qb3 Qe1+ 19. Kg2 Rxe2 20. Bxe2 Qxe2 21. Qd1 Qe6 22. Qf3 Bd7 23. Qd1 Re8 24. a4 Qh3+ 25. Kg1 Bg4 26. f3 Bf5 27. Bf4 g5 28. Bd6 Bxd3 29. Qxd3 Re3 30. Qb5 Qe6 31. Bb4 Re2 32. Qc5 Qe3+ 0-1

[Event "Henderson Trusts op-A 44th"]
[Site "Henderson"]
[Date "2022.06.05"]
[Round "4"]
[White "Tanoi, Toleafoa E"]
[Black "Langford, Josh"]
[Result "0-1"]
[WhiteElo "1848"]
[BlackElo "1782"]
[PlyCount "65"]
[EventDate "2022.06.04"]
[EventType "swiss"]
[EventRounds "6"]
[EventCountry "NZL"]
[SourceTitle "EXT 2024"]
[Source "ChessBase"]
[SourceDate "2023.10.10"]
[SourceVersion "1"]
[SourceVersionDate "2023.10.10"]
[SourceQuality "1"]

1. d4 Nf6 2. c4 e6 3. Nf3 d5 4. g3 Bd6 5. Bg2 0-0 6. 0-0 Nc6 7. Nbd2 a5 8. a3 Ne4 9. Nxe4 dxe4 10. Ng5 f5 11. h4 a4 12. Be3 Qe8 13. Nh3 e5 14. c5 exd4 15. cxd6 dxe3 16. fxe3 Qe5 17. Nf4 cxd6 18. Qc2 Be6 19. Rac1 Ra5 20. Rb1 Rfa8 21. b4 axb3 22. Rxb3 Bxb3 23. Qxb3+ Kh8 24. Qxb7 Nd8 25. Qb6 Ne6 26. Rc1 Nxf4 27. exf4 Qd5 28. Rc7 Rxa3 29. Qb2 Rxg3 30. Kh2 Rg6 31. h5 Rf6 32. Bh3 h6 33. e3 0-1

[Event "Wellington Mazur Memorial"]
[Site "Wellington"]
[Date "2021.08.12"]
[Round "4"]
[White "Tanoi, Toleafoa E"]
[Black "Herrera Lopez, Jaime"]
[Result "1-0"]
[WhiteElo "2078"]
[BlackElo "1616"]
[PlyCount "78"]
[EventDate "2021.07.28"]
[EventType "swiss"]
[EventRounds "8"]
[EventCountry "NZL"]
[SourceTitle "EXT 2025"]
[Source "ChessBase"]
[SourceDate "2024.10.14"]
[SourceVersion "1"]
[SourceVersionDate "2024.10.14"]
[SourceQuality "1"]

1. d4 d5 2. c4 c6 3. Nc3 Bf5 4. cxd5 cxd5 5. Bf4 Nf6 6. e3 a6 7. Rc1 e6 8. f3 Bb4 9. g4 Bg6 10. h4 h5 11. g5 Nh7 12. Bd3 Bf5 13. Bxf5 exf5 14. Qd3 Qd7 15. Rh2 Nc6 16. a3 Bxc3+ 17. Rxc3 0-0 18. Rhc2 Rfe8 19. Kf2 Nf8 20. Ne2 Ng6 21. Kg3 Nxf4 22. Nxf4 g6 23. Rc5 Ne7 24. Rc7 Qd6 25. Rxb7 f6 26. Qb3 fxg5 27. hxg5 h4+ 28. Kxh4 Rab8 29. Rcc7 Rxb7 30. Rxb7 Rd8 31. Rb6 Nc6 32. Rxa6 Qc7 33. Qb6 Qh7+ 34. Kg3 Qe7 35. Qxc6 Qxg5+ 36. Kf2 Qh4+ 37. Ke2 Qh2+ 38. Kd3 Qxb2 39. Qxg6+ Kf8 1-0

[Event "North Island-ch"]
[Site "Wellington"]
[Date "2021.04.04"]
[Round "5"]
[White "Tanoi, Toleafoa E"]
[Black "Stark, John"]
[Result "1-0"]
[WhiteElo "1840"]
[BlackElo "2077"]
[PlyCount "99"]
[EventDate "2021.04.02"]
[EventType "swiss"]
[EventRounds "8"]
[EventCountry "NZL"]
[SourceTitle "EXT 2024"]
[Source "ChessBase"]
[SourceDate "2023.10.10"]
[SourceVersion "1"]
[SourceVersionDate "2023.10.10"]
[SourceQuality "1"]

1. d4 Nf6 2. c4 e6 3. Nc3 Bb4 4. e3 d5 5. Bd3 0-0 6. Nge2 c5 7. cxd5 cxd4 8. exd4 exd5 9. 0-0 Nc6 10. Bg5 Be7 11. a3 Be6 12. Bc2 h6 13. Bh4 Ne8 14. Qd3 g6 15. Bxe7 Nxe7 16. Qe3 Kh7 17. Ng3 Nd6 18. Rad1 Nc4 19. Qc1 Nc6 20. Nce2 f5 21. Nf4 Qf6 22. Rfe1 Bg8 23. Bb3 Nxd4 24. Qc3 Nxb3 25. Qxb3 Qxb2 26. Qxb2 Nxb2 27. Rb1 g5 28. Re7+ Rf7 29. Nxd5 Rd8 30. Nf6+ Kg6 31. Nxg8 f4 32. Rxf7 Kxf7 33. Nxh6+ Kg6 34. Rxb2 fxg3 35. hxg3 Kxh6 36. Rxb7 a5 37. Rb5 a4 38. Rb4 Ra8 39. g4 Ra6 40. g3 Kg6 41. Kg2 Kf6 42. Rb5 Rc6 43. Rb4 Ra6 44. f4 Kg6 45. Rb5 gxf4 46. gxf4 Rc6 47. Rb4 Rc2+ 48. Kf1 Rc1+ 49. Ke2 Rg1 50. Rxa4 1-0

[Event "George Trundle Qualifiers"]
[Site "Auckland"]
[Date "2020.01.09"]
[Round "6"]
[White "Tanoi, Toleafoa E"]
[Black "Metge, J Nigel"]
[Result "0-1"]
[WhiteElo "1909"]
[BlackElo "1932"]
[PlyCount "32"]
[EventDate "2020.01.04"]
[EventType "tourn"]
[EventRounds "9"]
[EventCountry "NZL"]
[SourceTitle "EXT 2021"]
[Source "ChessBase"]
[SourceDate "2020.10.23"]
[SourceVersion "1"]
[SourceVersionDate "2020.10.23"]
[SourceQuality "1"]

1. d4 e6 2. Nf3 f5 3. d5 Bb4+ 4. c3 Bd6 5. dxe6 dxe6 6. e3 Nf6 7. Bc4 Nc6 8. Nd4 Ne4 9. Qh5+ g6 10. Qh6 Qf6 11. Nd2 Ne5 12. Nxe4 fxe4 13. Be2 Nf7 14. Qh3 e5 15. Bg4 Ng5 16. Qh4 exd4 0-1